00914nam a2200253Ia 4500003000900000008004100009020001800050040001600068080002200084111009500106245017800201260005800379300001500437490003400452650001600486650001300502650001700515650001900532650001500551700002400566700002300590700002500613700002200638IN-BaIIA211028s9999 xx 000 0 eng d a1-58381-089-7 cIIA Library a082.2:52bASP-249 aConference on the Central Kiloparsec of Starbursts and AGNcLa Palma, Spaind2000 May 7-11 4aThe Central kiloparsec of starbursts and AGNbthe La Palma connection; proceedings of a conference held in La Palma, Spain, May 7-11, 2001cedited by J. H. Knapen…[et al.] aCaliforniabAstronomical Society of the Pacificc2001 axxv, 746p. aASP conference series; v. 249 aBlack holes aGalaxies aSpectroscopy aStar formation aStarbursts aBeckman, J. E., ed. aKnapen, J. H., ed. aMahoney, T. J., ed. aShlosman, I., ed.